[Event "2BLN 1718 SC Kreuzberg - SK Zehlendorf"]
[Site "?"]
[Date "2018.03.18"]
[Round "8.3"]
[White "Lagunow, Raphael"]
[Black "Figura, Atila Gajo"]
[Result "1/2-1/2"]
[WhiteElo "2368"]
[BlackElo "2381"]
[PlyCount "227"]
[EventDate "2018.??.??"]

1. e4 c5 2. Nf3 e6 3. d4 cxd4 4. Nxd4 a6 5. Bd3 Qc7 6. O-O Nf6 7. Qe2 d6 8. f4
Nbd7 9. c4 Be7 10. b3 b6 11. Bb2 Bb7 12. Nc3 O-O 13. Kh1 Rfe8 14. Rae1 g6 15.
Nf3 Nh5 16. Qd2 Bf8 17. f5 Ne5 18. Be2 Rad8 19. Nd4 Nf6 20. fxg6 Bg7 21. gxf7+
Qxf7 22. Bd1 Qg6 23. Qe2 Neg4 24. Nf3 Qh6 25. Qd2 Qxd2 26. Nxd2 Bh6 27. Bxg4
Nxg4 28. Nf3 Bg7 29. h3 Ne5 30. Rd1 Nxf3 31. gxf3 d5 32. cxd5 exd5 33. Rg1 Kf7
34. Rdf1 Rg8 35. Rg4 Bxc3 36. Bxc3 Rxg4 37. fxg4+ Ke8 38. exd5 Rxd5 39. Kh2 Rd3
40. Bb4 Bd5 41. Re1+ Kf7 42. Re7+ Kg6 43. Be1 h5 44. gxh5+ Kxh5 45. Re5+ Kg6
46. h4 a5 47. h5+ Kh6 48. Bf2 Bg8 49. Bxb6 Rd2+ 50. Kg3 Rxa2 51. Be3+ Kg7 52.
Rg5+ Kh7 53. Rb5 Bf7 54. Rb7 Kg8 55. h6 Ra3 56. h7+ Kxh7 57. Rxf7+ Kg6 58. Ra7
Rxb3 59. Kf4 Rb4+ 60. Ke5 Rb5+ 61. Ke4 Rb4+ 62. Bd4 Kh6 63. Rxa5 Kg6 64. Ra7
Rb5 65. Rg7+ Kh6 66. Rg1 Rb4 67. Ke5 Ra4 68. Kd5 Kh5 69. Rg8 Ra5+ 70. Ke4 Rg5
71. Rh8+ Kg4 72. Rh1 Rg6 73. Be5 Rg5 74. Bf6 Rg6 75. Rf1 Kh5 76. Ke5 Rg4 77.
Rh1+ Kg6 78. Rh8 Ra4 79. Rg8+ Kf7 80. Rg7+ Kf8 81. Ke6 Ra7 82. Kf5 Ra5+ 83. Kg6
Rd5 84. Re7 Rd1 85. Rf7+ Ke8 86. Re7+ Kf8 87. Re4 Rd6 88. Re3 Rc6 89. Rd3 Re6
90. Rd8+ Re8 91. Bg7+ Ke7 92. Bf6+ Kf8 93. Rd7 Re1 94. Kf5 Ke8 95. Rb7 Re2 96.
Be5 Kd8 97. Ke6 Rc2 98. Rb1 Rc6+ 99. Bd6 Rc2 100. Be5 Rc6+ 101. Kd5 Rc2 102.
Kd6 Rd2+ 103. Ke6 Rc2 104. Bf4 Rc6+ 105. Kd5 Rc2 106. Kd6 Kc8 107. Be5 Rc7 108.
Ke6 Rc6+ 109. Ke7 Rb6 110. Rd1 Rb7+ 111. Ke8 Rb6 112. Rd8+ Kb7 113. Rb8+ Kc6
114. Rxb6+ 1/2-1/2

[Event "2BLN 1718 SC Kreuzberg - SK Zehlendorf"]
[Site "?"]
[Date "2018.03.18"]
[Round "8.4"]
[White "Thesing, Matthias"]
[Black "Lagunow, Alexander"]
[Result "1/2-1/2"]
[WhiteElo "2313"]
[BlackElo "2399"]
[PlyCount "69"]
[EventDate "2018.??.??"]

1. e4 c5 2. Nc3 Nc6 3. Bb5 Nd4 4. Nf3 Nxb5 5. Nxb5 a6 6. Nc3 d6 7. d4 cxd4 8.
Qxd4 e5 9. Qd3 h6 10. Nd2 Nf6 11. Nc4 Be6 12. Ne3 Rc8 13. O-O Qd7 14. f4 Qc6
15. Ncd5 Bxd5 16. exd5 Qc5 17. Kh1 Be7 18. Bd2 Qd4 19. Rae1 Qxd3 20. cxd3 exf4
21. Nf5 Rc7 22. Bxf4 Kd8 23. Nxd6 Bxd6 24. Bxd6 Rd7 25. Be5 Ne8 26. Bg3 f6 27.
Re6 Nc7 28. Bxc7+ Kxc7 29. Rc1+ Kb8 30. Rc3 Rhd8 31. d6 Rxd6 32. Rxd6 Rxd6 33.
Kg1 Rd7 34. Kf2 Re7 35. Rc4 1/2-1/2

[Event "2BLN 1718 SC Kreuzberg - SK Zehlendorf"]
[Site "?"]
[Date "2018.03.18"]
[Round "8.6"]
[White "Ellers, Holger"]
[Black "Kalabic, Faris"]
[Result "1/2-1/2"]
[WhiteElo "2364"]
[BlackElo "2204"]
[PlyCount "30"]
[EventDate "2018.??.??"]

1. d4 Nf6 2. c4 e6 3. g3 Bb4+ 4. Bd2 a5 5. Bg2 d5 6. Nf3 O-O 7. Qc2 c6 8. O-O
b6 9. Rd1 Bd6 10. Nc3 Ba6 11. cxd5 cxd5 12. e4 Be7 13. Ng5 Nc6 14. exd5 Nb4 15.
Qb1 Nbxd5 1/2-1/2

[Event "2BLN 1718 SC Kreuzberg - SK Zehlendorf"]
[Site "?"]
[Date "2018.03.18"]
[Round "8.7"]
[White "Rahls, Peter"]
[Black "Lehmann, Klaus"]
[Result "1/2-1/2"]
[WhiteElo "2174"]
[BlackElo "2272"]
[PlyCount "111"]
[EventDate "2018.??.??"]

1. e4 d6 2. d4 Nf6 3. Nc3 e5 4. Nf3 Nbd7 5. Bc4 h6 6. O-O Be7 7. a4 c6 8. a5
Qc7 9. d5 Nf8 10. a6 b5 11. Bb3 b4 12. Ba4 Rb8 13. Bxc6+ Bd7 14. Ne2 Bxc6 15.
dxc6 Nxe4 16. Be3 Ne6 17. Qd5 N6c5 18. Ng3 Nxg3 19. hxg3 Ne6 20. Qa5 O-O 21.
Qxc7 Nxc7 22. Bxa7 Ra8 23. Bb6 Rfc8 24. Bxc7 Rxc7 25. Ra4 Rxc6 26. Rfa1 Bf6 27.
Rxb4 Rcxa6 28. Rxa6 Rxa6 29. c3 Ra1+ 30. Kh2 d5 31. Rb5 Rd1 32. Rb4 Rf1 33. Rb5
Rxf2 34. Rxd5 e4 35. Rd2 Rf1 36. Nd4 e3 37. Re2 Bxd4 38. cxd4 Rf2 39. Rxe3 Rxb2
40. g4 Rd2 41. Re4 Rd3 42. Kg1 f6 43. Kf2 Kf7 44. Ke2 Ra3 45. d5 Rg3 46. d6
Rxg2+ 47. Kd3 Ra2 48. Re7+ Kf8 49. Kd4 Ra4+ 50. Kd5 Rxg4 51. Rb7 Ke8 52. Kc6
Rc4+ 53. Kd5 Rg4 54. Kc6 Rc4+ 55. Kd5 Rg4 56. Kc6 1/2-1/2

[Event "2BLN 1718 SC Kreuzberg - SK Zehlendorf"]
[Site "?"]
[Date "2018.03.18"]
[Round "8.8"]
[White "Holzapfel, Daniel"]
[Black "Hasic, Mirza"]
[Result "1/2-1/2"]
[WhiteElo "2278"]
[BlackElo "2024"]
[PlyCount "51"]
[EventDate "2018.??.??"]

1. d4 Nf6 2. Nf3 e6 3. c4 Bb4+ 4. Bd2 Qe7 5. g3 O-O 6. Bg2 Bxd2+ 7. Qxd2 d6 8.
Nc3 e5 9. O-O Re8 10. e3 c6 11. Qc2 Na6 12. a3 Nc7 13. b4 Rb8 14. Nd2 Bd7 15.
dxe5 Qxe5 16. Rae1 d5 17. cxd5 Ncxd5 18. Nxd5 cxd5 19. Nf3 Qh5 20. Nd4 Rbc8 21.
Qd3 Ng4 22. h3 Nf6 23. g4 Qe5 24. Rc1 h5 25. Rxc8 Bxc8 26. Nf3 1/2-1/2

[Event "2BLN 1718 FC St. Pauli - Hamburger SK I"]
[Site "?"]
[Date "2018.03.18"]
[Round "8.2"]
[White "Michna, Marta"]
[Black "Engel, Luis"]
[Result "0-1"]
[WhiteElo "2375"]
[BlackElo "2389"]
[PlyCount "154"]
[EventDate "2018.??.??"]

1. d4 Nf6 2. c3 g6 3. Nf3 Bg7 4. h3 O-O 5. Bf4 d6 6. Nbd2 Nbd7 7. e4 b6 8. Qc2
Bb7 9. Bd3 Re8 10. O-O e5 11. dxe5 dxe5 12. Be3 Qe7 13. b4 Red8 14. Rfe1 Ne8
15. a4 a6 16. a5 b5 17. c4 c6 18. Nb3 Bf8 19. Red1 Rac8 20. Bb6 Nxb6 21. axb6
bxc4 22. Bxc4 Qxb4 23. Nxe5 Rxd1+ 24. Qxd1 Nd6 25. Qf3 Bg7 26. Bxf7+ Kh8 27.
Nd3 Qxb6 28. e5 c5 29. Bd5 Rf8 30. Nf4 Bxd5 31. Qxd5 Rxf4 32. exd6 Bxa1 33.
Nxa1 Kg7 34. Qe5+ Rf6 35. Qe7+ Rf7 36. Qe5+ Kh6 37. Qe3+ g5 38. Qe6+ Kg7 39.
Qe5+ Kg6 40. Qe6+ Rf6 41. Qe8+ Kh6 42. d7 Rd6 43. Qf8+ Kg6 44. Qg8+ Kf6 45.
Qf8+ Ke6 46. Qe8+ Kf6 47. Qh8+ Ke6 48. Qe8+ Kd5 49. Nb3 Kc4 50. Qe4+ Kb5 51.
Qe2+ Kc6 52. Nd2 Rxd7 53. Nc4 Qb1+ 54. Kh2 Kb7 55. Qe8 Qf5 56. Na5+ Kc7 57. Qe2
Kb6 58. Nc4+ Ka7 59. g3 Rf7 60. Kg2 Qd5+ 61. Kg1 h5 62. Ne3 Qf3 63. Qc2 Qc6 64.
Qc4 Rb7 65. Qc1 h4 66. g4 Rb5 67. Kh2 Qc7+ 68. Kg1 Qb7 69. Nf1 Qd5 70. Qe3 Rb3
71. Qe7+ Kb6 72. Qf6+ Kb5 73. Qg6 Rxh3 74. Qe8+ Kb4 75. Qe1+ Ka4 76. Qe8+ Ka3
77. Nh2 Rd3 0-1

[Event "2BLN 1718 FC St. Pauli - Hamburger SK I"]
[Site "?"]
[Date "2018.03.18"]
[Round "8.3"]
[White "Bracker, Frank"]
[Black "Voigt, Martin"]
[Result "0-1"]
[WhiteElo "2408"]
[BlackElo "2312"]
[PlyCount "42"]
[EventDate "2018.??.??"]

1. e4 c6 2. d4 d5 3. Nd2 dxe4 4. Nxe4 Nf6 5. Nxf6+ exf6 6. c3 Bd6 7. Bd3 O-O 8.
Qc2 Re8+ 9. Ne2 h5 10. h3 h4 11. Be3 Nd7 12. O-O Nf8 13. Bf5 Bc7 14. Bxc8 Rxc8
15. Qd2 Qd6 16. f4 Re4 17. Rf3 Rce8 18. Kf2 Nd7 19. c4 f5 20. g4 Nf6 21. g5
Ng4+ 0-1

[Event "2BLN 1718 FC St. Pauli - Hamburger SK I"]
[Site "?"]
[Date "2018.03.18"]
[Round "8.4"]
[White "Krause, Jonah"]
[Black "Souleidis, Georgios"]
[Result "0-1"]
[WhiteElo "2336"]
[BlackElo "2410"]
[PlyCount "86"]
[EventDate "2018.??.??"]

1. d4 Nf6 2. c4 e6 3. Nf3 d5 4. g3 Bb4+ 5. Bd2 Bd6 6. Nc3 c6 7. b3 O-O 8. Bg2
Ne4 9. O-O f5 10. Qc2 Nd7 11. Bc1 Qe7 12. Bb2 b6 13. e3 Bb7 14. Ne2 Rac8 15.
Ne5 c5 16. f3 Nef6 17. Rac1 cxd4 18. exd4 dxc4 19. bxc4 Nxe5 20. dxe5 Bc5+ 21.
Kh1 Nd7 22. Rcd1 Rfd8 23. Nf4 Be3 24. Rd6 Bxf4 25. gxf4 Bd5 26. Qa4 Rxc4 27.
Qxa7 Rc2 28. Bd4 Qe8 29. Bxb6 Nxb6 30. Qxb6 Rb8 31. Qa5 Rxa2 32. Qc3 Qg6 33.
Bh3 Qh5 34. Bg2 h6 35. Rg1 Kh7 36. Rd7 Rb7 37. Rxb7 Bxb7 38. Qe3 Bd5 39. Rf1
Qh4 40. Rd1 Ra4 41. Kg1 Qxf4 42. Qxf4 Rxf4 43. Kf2 g5 0-1

[Event "2BLN 1718 FC St. Pauli - Hamburger SK I"]
[Site "?"]
[Date "2018.03.18"]
[Round "8.5"]
[White "Balcerak, Philipp"]
[Black "Jahncke, Giso"]
[Result "1-0"]
[WhiteElo "2348"]
[BlackElo "2402"]
[PlyCount "93"]
[EventDate "2018.??.??"]

1. Nf3 Nf6 2. c4 g6 3. g3 Bg7 4. Bg2 O-O 5. Nc3 d6 6. O-O e5 7. Rb1 a5 8. a3
Re8 9. d3 h6 10. Nd2 c6 11. b4 axb4 12. axb4 Be6 13. b5 d5 14. Bb2 Nbd7 15. Ra1
Qc7 16. Qc2 Rxa1 17. Rxa1 e4 18. bxc6 bxc6 19. dxe4 dxc4 20. Nd1 Nb6 21. Ne3
Rb8 22. Rc1 Qa7 23. Bd4 Qa6 24. Ra1 Qc8 25. Rb1 c5 26. Be5 Rb7 27. Bxf6 Bxf6
28. e5 Bd8 29. Bxb7 Qxb7 30. Ndxc4 Qa6 31. Rd1 Bc7 32. Nxb6 Qxb6 33. Rc1 Bxe5
34. Qxc5 Qb2 35. Rd1 Bf6 36. Qc2 Qe5 37. Qa4 Bh3 38. Ng4 Bxg4 39. Qxg4 h5 40.
Qc4 Qf5 41. h4 Kg7 42. Kg2 Be5 43. Rd5 Qf6 44. Qe4 Bb2 45. Qe8 Bd4 46. e3 Bb6
47. Qe5 1-0

[Event "2BLN 1718 FC St. Pauli - Hamburger SK I"]
[Site "?"]
[Date "2018.03.18"]
[Round "8.6"]
[White "Pajeken, Wolfgang"]
[Black "Kramer, Julian"]
[Result "1/2-1/2"]
[WhiteElo "2243"]
[BlackElo "2394"]
[PlyCount "89"]
[EventDate "2018.??.??"]

1. Nf3 Nf6 2. c4 g6 3. Nc3 d5 4. cxd5 Nxd5 5. e4 Nxc3 6. dxc3 Qxd1+ 7. Kxd1 f6
8. Kc2 e5 9. Be3 Be6 10. Nd2 Nc6 11. Bc4 Kf7 12. a4 a6 13. a5 Rd8 14. Bxe6+
Kxe6 15. Nc4 Be7 16. b4 Nb8 17. Rab1 c6 18. Rhd1 Rxd1 19. Rxd1 Nd7 20. Nb6 Nxb6
21. Bxb6 f5 22. Kd3 Re8 23. Rb1 Bd8 24. Bc5 Bg5 25. Bb6 h5 26. Re1 Bd8 27. Bc5
Bh4 28. Bb6 Rf8 29. exf5+ gxf5 30. Kc4 Bf6 31. Bc7 f4 32. Kc5 Rf7 33. Kb6 Kd5
34. Kxb7 e4 35. c4+ Kxc4 36. Rxe4+ Kb5 37. Re6 Bd8 38. Rxc6 Kxb4 39. g3 fxg3
40. hxg3 Bxc7 41. Rxc7 Rxf2 42. Kxa6 Rf6+ 43. Kb7 Kxa5 44. Rc5+ Kb4 45. Rxh5
1/2-1/2

[Event "2BLN 1718 FC St. Pauli - Hamburger SK I"]
[Site "?"]
[Date "2018.03.18"]
[Round "8.7"]
[White "Meissner, Felix"]
[Black "Stenner, Patrick"]
[Result "1/2-1/2"]
[WhiteElo "2352"]
[BlackElo "2187"]
[PlyCount "103"]
[EventDate "2018.??.??"]

1. c4 c6 2. Nf3 Nf6 3. g3 d5 4. cxd5 cxd5 5. Bg2 Nc6 6. d4 Bf5 7. O-O h6 8. Qb3
Qb6 9. Qxb6 axb6 10. Nc3 e6 11. Nb5 Ra5 12. Nc3 Bd6 13. Bd2 Ke7 14. a3 Rc8 15.
Rac1 Bh7 16. Rfd1 Rd8 17. e3 Ne8 18. Bf1 Nc7 19. Be1 Raa8 20. Nd2 f6 21. f3 g5
22. Bf2 Kf7 23. e4 Be7 24. exd5 exd5 25. Nb5 Nxb5 26. Bxb5 Rac8 27. b4 Bf5 28.
g4 Bg6 29. Nf1 Bd6 30. Bg3 Bf4 31. Bxf4 gxf4 32. Kf2 Rh8 33. Ba4 Ke6 34. Rd2
Kd6 35. Re1 Rhe8 36. Rxe8 Rxe8 37. Bxc6 bxc6 38. a4 Ra8 39. Ra2 Bd3 40. a5 Bc4
41. Ra1 c5 42. bxc5+ bxc5 43. dxc5+ Kxc5 44. Nd2 Kb4 45. Nxc4 dxc4 46. a6 c3
47. Rb1+ Kc4 48. Rb6 Kc5 49. Rb3 Kd4 50. Rb4+ Kc5 51. Rb3 Kc4 52. Rb6 1/2-1/2

[Event "2BLN 1718 FC St. Pauli - Hamburger SK I"]
[Site "?"]
[Date "2018.03.18"]
[Round "8.8"]
[White "Grote, Dirk"]
[Black "Groetzbach, Julian"]
[Result "1/2-1/2"]
[WhiteElo "2126"]
[BlackElo "2284"]
[PlyCount "73"]
[EventDate "2018.??.??"]

1. d4 d5 2. c4 e6 3. Nc3 Bb4 4. Nf3 Nf6 5. cxd5 exd5 6. Qb3 c5 7. dxc5 Qa5 8.
Bd2 Nc6 9. e3 Be6 10. Nd4 Qxc5 11. Bb5 Bd7 12. O-O Bxc3 13. Bxc3 a6 14. Bxc6
bxc6 15. Rac1 Qa7 16. Nxc6 Bxc6 17. Bxf6 Bb5 18. Bd4 Qd7 19. Rfe1 O-O 20. Rc5
Rfd8 21. Rec1 h5 22. Qc3 Kh7 23. Rc7 Qf5 24. Qc5 Re8 25. Re7 Rac8 26. Rc7 Rcd8
27. Bc3 Re4 28. Qa7 Kg8 29. f3 Re6 30. Qd4 Rg6 31. Kf2 Re8 32. Rc5 Rd8 33. Rd1
Qg5 34. Rg1 Qf5 35. Rd1 Qg5 36. Rg1 Qf5 37. Rd1 1/2-1/2

[Event "2BLN 1718 SK Zehlendorf - SK Union Olde"]
[Site "?"]
[Date "2018.04.15"]
[Round "9.1"]
[White "Bredemeier, Dirk"]
[Black "Meister, Jakob"]
[Result "0-1"]
[WhiteElo "2297"]
[BlackElo "2430"]
[PlyCount "84"]
[EventDate "2018.??.??"]

1. c4 c5 2. g3 Nc6 3. Bg2 g6 4. Nc3 Bg7 5. a3 Nh6 6. h4 d6 7. d3 e5 8. Nf3 f6
9. Rb1 a5 10. Bd2 Nf7 11. Nd5 Ne7 12. Nxe7 Qxe7 13. Qc2 a4 14. b4 axb3 15. Rxb3
Nd8 16. Bc3 Bd7 17. Qb1 Ba4 18. Rb6 Bc6 19. Qb2 f5 20. O-O O-O 21. Nd2 Bxg2 22.
Kxg2 Rf7 23. e3 Bf8 24. Rb1 Ra7 25. d4 exd4 26. exd4 f4 27. Nf3 fxg3 28. Re1
Qf6 29. Re3 gxf2 30. Qxf2 Rxa3 31. Bb2 Rxe3 32. Qxe3 Qf5 33. Kf2 Ne6 34. dxc5
Nxc5 35. Bd4 Ne4+ 36. Ke2 Bh6 37. Qb3 Qg4 38. c5 Qg2+ 39. Kd1 Qxf3+ 40. Qxf3
Rxf3 41. Ke2 Rf7 42. cxd6 Rd7 0-1

[Event "2BLN 1718 SK Zehlendorf - SK Union Olde"]
[Site "?"]
[Date "2018.04.15"]
[Round "9.2"]
[White "Lagunow, Raphael"]
[Black "Mueer, Sebastian"]
[Result "1/2-1/2"]
[WhiteElo "2368"]
[BlackElo "2216"]
[PlyCount "91"]
[EventDate "2018.??.??"]

1. e4 c5 2. Nf3 Nc6 3. d4 cxd4 4. Nxd4 g6 5. Nc3 Bg7 6. Be3 Nf6 7. Bc4 O-O 8.
Bb3 d6 9. f3 Bd7 10. Qd2 Nxd4 11. Bxd4 b5 12. O-O b4 13. Nd5 Nxd5 14. Bxd5 Rc8
15. Bxg7 Kxg7 16. Qd4+ Kg8 17. Qxa7 Rxc2 18. Rac1 Rxc1 19. Rxc1 e6 20. Bb3 Qg5
21. Rd1 Bb5 22. Rxd6 Rc8 23. Qd4 e5 24. Qd2 Rc1+ 25. Bd1 Qxd2 26. Rxd2 Ra1 27.
b3 f5 28. exf5 gxf5 29. Kf2 Kf7 30. f4 e4 31. Be2 Bxe2 32. Kxe2 Ke6 33. Ke3 h5
34. g3 Rc1 35. Rd4 Re1+ 36. Kf2 Rc1 37. Rxb4 Rc2+ 38. Ke3 Rxa2 39. Rb6+ Kf7 40.
Rb7+ Ke6 41. Rb6+ Kf7 42. h4 Rg2 43. Kd4 Rd2+ 44. Ke3 Rg2 45. Kd4 Rd2+ 46. Ke3
1/2-1/2

[Event "2BLN 1718 SK Zehlendorf - SK Union Olde"]
[Site "?"]
[Date "2018.04.15"]
[Round "9.3"]
[White "Meessen, Max"]
[Black "Lagunow, Alexander"]
[Result "0-1"]
[WhiteElo "2189"]
[BlackElo "2399"]
[PlyCount "74"]
[EventDate "2018.??.??"]

1. e4 c5 2. Nf3 Nc6 3. d4 cxd4 4. Nxd4 Nf6 5. Nc3 e5 6. Ndb5 d6 7. Bg5 a6 8.
Na3 b5 9. Nd5 Be7 10. Bxf6 Bxf6 11. c4 b4 12. Nc2 a5 13. g3 O-O 14. Bg2 Be6 15.
O-O Rc8 16. b3 g6 17. a3 a4 18. Ncxb4 Nd4 19. bxa4 Rxc4 20. a5 Bg7 21. a6 Qa5
22. Qd3 Rc5 23. Rfc1 Bd7 24. a4 f5 25. Rxc5 dxc5 26. Qc4 cxb4 27. Nf6+ Kh8 28.
Nxd7 Rd8 29. Qc5 Qxa6 30. Nxe5 Qe6 31. f4 Bxe5 32. Qxe5+ Qxe5 33. fxe5 Ne2+ 34.
Kf2 Nc3 35. a5 b3 36. a6 b2 37. Re1 Nd1+ 0-1

[Event "2BLN 1718 SK Zehlendorf - SK Union Olde"]
[Site "?"]
[Date "2018.04.15"]
[Round "9.4"]
[White "Heinig, Wolfram"]
[Black "Reuker, Jari"]
[Result "1/2-1/2"]
[WhiteElo "2280"]
[BlackElo "2343"]
[PlyCount "47"]
[EventDate "2018.??.??"]

1. d4 Nf6 2. c4 e6 3. g3 d5 4. Nf3 Be7 5. Bg2 O-O 6. O-O dxc4 7. Qc2 a6 8. a4
Bd7 9. Ne5 Bc6 10. Nxc6 Nxc6 11. e3 Na5 12. Nd2 c5 13. dxc5 Rc8 14. b4 cxb3 15.
Nxb3 Nxb3 16. Qxb3 Nd7 17. Ba3 Nxc5 18. Bxc5 Rxc5 19. Qxb7 a5 20. Rfd1 Qc7 21.
Qxc7 Rxc7 22. Rac1 Rfc8 23. Rxc7 Rxc7 24. Bf1 1/2-1/2

[Event "2BLN 1718 SK Zehlendorf - SK Union Olde"]
[Site "?"]
[Date "2018.04.15"]
[Round "9.5"]
[White "Wittje, Berthold"]
[Black "Ribic, Kasmir"]
[Result "1/2-1/2"]
[WhiteElo "2231"]
[BlackElo "2273"]
[PlyCount "20"]
[EventDate "2018.??.??"]

1. Nf3 d5 2. g3 c6 3. Bg2 Nf6 4. c4 Bg4 5. cxd5 cxd5 6. Ne5 Be6 7. Nc3 Nc6 8.
d4 Qb6 9. Nxc6 bxc6 10. O-O g6 1/2-1/2

[Event "2BLN 1718 SK Zehlendorf - SK Union Olde"]
[Site "?"]
[Date "2018.04.15"]
[Round "9.6"]
[White "Kalabic, Faris"]
[Black "Schuette, Marc"]
[Result "1/2-1/2"]
[WhiteElo "2204"]
[BlackElo "2102"]
[PlyCount "45"]
[EventDate "2018.??.??"]

1. d4 d5 2. Bf4 Nf6 3. Nf3 c5 4. e3 Nc6 5. c3 Qb6 6. Na3 a6 7. Qb3 Qa7 8. Ne5
c4 9. Qc2 e6 10. Nb1 Nxe5 11. Bxe5 Bd7 12. Nd2 b5 13. Be2 Be7 14. g4 O-O 15. h4
Bc6 16. g5 Ne4 17. f3 Nxd2 18. Qxd2 f6 19. gxf6 gxf6 20. Bf4 Rf7 21. O-O-O Kh8
22. h5 Qb7 23. Rdg1 1/2-1/2

[Event "2BLN 1718 SK Zehlendorf - SK Union Olde"]
[Site "?"]
[Date "2018.04.15"]
[Round "9.7"]
[White "Wagner, Jan"]
[Black "Rahls, Peter"]
[Result "0-1"]
[WhiteElo "2156"]
[BlackElo "2190"]
[PlyCount "78"]
[EventDate "2018.??.??"]

1. Nf3 c5 2. c4 Nc6 3. b3 d6 4. Bb2 e5 5. e3 g6 6. d4 exd4 7. exd4 Bg7 8. Qd2
cxd4 9. Na3 Nge7 10. Nc2 O-O 11. Nfxd4 Nf5 12. Nxc6 Qe8+ 13. Ne5 Bxe5 14. O-O-O
Bxb2+ 15. Kxb2 Qe5+ 16. Qc3 Qc5 17. Rd2 Be6 18. h4 Rac8 19. g4 Ng7 20. Ne3 b5
21. Nd5 Bxd5 22. Rxd5 Qxf2+ 23. Rd2 Qf4 24. h5 Ne6 25. Bd3 b4 26. Qxb4 Nc5 27.
Qc3 Qe5 28. Bc2 Rfe8 29. Rd5 Qxc3+ 30. Kxc3 Rcd8 31. Rhd1 Nb7 32. b4 Re3+ 33.
Kd2 Rg3 34. hxg6 hxg6 35. g5 Kg7 36. Ba4 Rh8 37. Bc6 Rh2+ 38. Kc1 Rc3+ 39. Kb1
Rxc4 0-1

[Event "2BLN 1718 SK Zehlendorf - SK Union Olde"]
[Site "?"]
[Date "2018.04.15"]
[Round "9.8"]
[White "Hasic, Mirza"]
[Black "Buerckner, Hartmut"]
[Result "1/2-1/2"]
[WhiteElo "2024"]
[BlackElo "2172"]
[PlyCount "80"]
[EventDate "2018.??.??"]

1. d4 d5 2. Bf4 e6 3. e3 Nf6 4. Nd2 Bd6 5. Bg3 O-O 6. Bd3 b6 7. Ngf3 Ba6 8. O-O
Bxg3 9. hxg3 c5 10. Bxa6 Nxa6 11. Ne5 Qc7 12. c3 Rac8 13. Re1 Rfd8 14. Qf3 Nb8
15. Qf4 Nc6 16. Nxc6 Qxf4 17. Ne7+ Kf8 18. Ng6+ hxg6 19. gxf4 Ne4 20. Rad1 Nxd2
21. Rxd2 cxd4 22. Rxd4 Rc4 23. Red1 Rdc8 24. Kf1 Ke7 25. Ke2 b5 26. f3 Rxd4 27.
Rxd4 Rc4 28. Kd3 Kd6 29. e4 Kc5 30. b4+ Kd6 31. Rxc4 dxc4+ 32. Kd4 f6 33. e5+
Kc6 34. Ke4 f5+ 35. Kd4 Kb6 36. g4 a5 37. a3 axb4 38. axb4 Kc6 39. g5 Kb6 40.
Ke3 Kc7 1/2-1/2

[Event "2BLN 1718 SK König Tegel - SC Kreuzber"]
[Site "?"]
[Date "2018.04.15"]
[Round "9.1"]
[White "Glantz, Robert"]
[Black "Rabiega, Robert"]
[Result "1/2-1/2"]
[WhiteElo "2328"]
[BlackElo "2514"]
[PlyCount "83"]
[EventDate "2018.??.??"]

1. e4 e5 2. Nf3 Nf6 3. d4 Nxe4 4. Bd3 d5 5. dxe5 Qd7 6. O-O Nc5 7. Be2 Ne6 8.
Nc3 c6 9. Nd4 Bc5 10. Nb3 Bb6 11. Na4 Bc7 12. f4 b5 13. Nc3 Bb6+ 14. Kh1 g6 15.
a4 b4 16. a5 Bd8 17. Na4 Be7 18. Be3 Ng7 19. Qd2 h5 20. Nac5 Qc7 21. Qxb4 Nf5
22. Bd4 O-O 23. Qc3 Nd7 24. Bd3 Nxc5 25. Bxc5 Be6 26. Nd4 Bxc5 27. Nxf5 Bxf5
28. Bxf5 Qe7 29. Bd3 Rab8 30. b3 f5 31. exf6 Rxf6 32. Rae1 Qd6 33. Qe5 Rbf8 34.
Qg5 Bb4 35. Re3 Bd2 36. Ref3 Bxf4 37. Qh4 Kg7 38. Qf2 c5 39. g3 Be5 40. Qe2 Bd4
41. Rxf6 Rxf6 42. Rxf6 1/2-1/2

[Event "2BLN 1718 SK König Tegel - SC Kreuzber"]
[Site "?"]
[Date "2018.04.15"]
[Round "9.2"]
[White "Moreno Tejera, Emilio"]
[Black "Kalinitschew, Sergey"]
[Result "0-1"]
[WhiteElo "2431"]
[BlackElo "2420"]
[PlyCount "82"]
[EventDate "2018.??.??"]

1. e4 g6 2. d4 Bg7 3. Nc3 d6 4. Be3 a6 5. h4 h5 6. Qd2 b5 7. f3 Nd7 8. Nh3 c5
9. Ng5 cxd4 10. Bxd4 Ngf6 11. a4 bxa4 12. Bc4 O-O 13. Nxa4 Bb7 14. b3 e6 15.
Bxe6 fxe6 16. Nxe6 Qe7 17. Nxf8 Rxf8 18. O-O-O d5 19. e5 Ne8 20. f4 Nc7 21. g3
Ne6 22. Rhe1 Rc8 23. Kb1 Nxd4 24. Qxd4 Nf8 25. Qd3 Qb4 26. Qd2 Qa3 27. Qc1 Qe7
28. Qd2 Ne6 29. Qd3 Qe8 30. Rf1 Bc6 31. Nc3 d4 32. Ne4 Bb5 33. Qd2 Qc6 34. Nd6
Rd8 35. Nxb5 axb5 36. f5 gxf5 37. Rxf5 Ra8 38. Qc1 Qe4 39. Rff1 d3 40. cxd3
Qxe5 41. d4 Qe4+ 0-1

[Event "2BLN 1718 SK König Tegel - SC Kreuzber"]
[Site "?"]
[Date "2018.04.15"]
[Round "9.3"]
[White "Figura, Atila Gajo"]
[Black "Muse, Mladen"]
[Result "1-0"]
[WhiteElo "2381"]
[BlackElo "2407"]
[PlyCount "59"]
[EventDate "2018.??.??"]

1. d4 Nf6 2. c4 e6 3. Nc3 Bb4 4. Qc2 O-O 5. a3 Bxc3+ 6. Qxc3 d6 7. Bg5 Nbd7 8.
e3 b6 9. Qc2 Bb7 10. Ne2 c5 11. Nc3 h6 12. Bh4 a6 13. Be2 cxd4 14. exd4 b5 15.
cxb5 Qb6 16. O-O axb5 17. Nxb5 Ba6 18. a4 Bxb5 19. Bxb5 Qxd4 20. Bg3 d5 21.
Rfc1 Ra7 22. Qc3 Qxc3 23. Rxc3 e5 24. f3 d4 25. Rc6 Nh5 26. Rac1 Nxg3 27. hxg3
Nf6 28. Rc8 e4 29. fxe4 Nxe4 30. Rxf8+ 1-0

[Event "2BLN 1718 SK König Tegel - SC Kreuzber"]
[Site "?"]
[Date "2018.04.15"]
[Round "9.4"]
[White "Bruedigam, Martin"]
[Black "Thesing, Matthias"]
[Result "1/2-1/2"]
[WhiteElo "2409"]
[BlackElo "2313"]
[PlyCount "27"]
[EventDate "2018.??.??"]

1. e4 c5 2. Nf3 e6 3. g3 Nf6 4. Qe2 Nc6 5. Bg2 d6 6. O-O Be7 7. c3 O-O 8. Rd1
Qb6 9. d4 d5 10. dxc5 Bxc5 11. b4 dxe4 12. Ng5 Be7 13. Be3 Qc7 14. Nd2 1/2-1/2

[Event "2BLN 1718 SK König Tegel - SC Kreuzber"]
[Site "?"]
[Date "2018.04.15"]
[Round "9.5"]
[White "Moritz, Aron"]
[Black "Fruebing, Stefan"]
[Result "1/2-1/2"]
[WhiteElo "2191"]
[BlackElo "2407"]
[PlyCount "176"]
[EventDate "2018.??.??"]

1. e4 c5 2. Nf3 Nc6 3. d4 cxd4 4. Nxd4 g6 5. c4 Bg7 6. Be3 Qb6 7. Nb5 Qa5+ 8.
Bd2 Qd8 9. Bc3 Bxc3+ 10. N1xc3 Nf6 11. Be2 d6 12. O-O O-O 13. Qd2 a6 14. Na3
Be6 15. Kh1 Qa5 16. f4 Kg7 17. Rad1 Rab8 18. Qe3 Qc5 19. Qg3 Qb4 20. Rd2 Qa5
21. Qe3 Nb4 22. f5 Bc8 23. Rf4 g5 24. Qg3 h6 25. h4 Rh8 26. hxg5 hxg5+ 27. Kg1
Kf8 28. Qxg5 Qb6+ 29. Rf2 Nxa2 30. Nab1 Nb4 31. Qf4 Bd7 32. e5 dxe5 33. Qxe5
Nc6 34. Qf4 Rc8 35. Nd5 Nxd5 36. Rxd5 Be8 37. f6 Qxb2 38. fxe7+ Nxe7 39. Rd1
Qb6 40. Bg4 Rc5 41. Bh3 Qc7 42. Qf6 Qe5 43. Qf3 Qh5 44. Qb3 Rxc4 45. Rdf1 b5
46. Nd2 Rh4 47. Nf3 Rf4 48. Qe3 Nd5 49. Qc5+ Kg7 50. Re2 Rc4 51. Qd6 Rc6 52.
Qd8 f6 53. Nd4 Bf7 54. Qd7 Rc4 55. Rf5 Qh4 56. Rxd5 Rc1+ 57. Kh2 Qf4+ 58. g3
Rh1+ 59. Kxh1 Rxh3+ 60. Qxh3 Bxd5+ 61. Kh2 Qxd4 62. Qd7+ Kg6 63. Qe8+ Bf7 64.
Qc8 Qc4 65. Rc2 Qxc8 66. Rxc8 a5 67. Ra8 a4 68. g4 Bb3 69. Rb8 Bc4 70. Ra8 Bd5
71. Ra6 Bc4 72. Kg3 Kg5 73. Ra7 Bb3 74. Ra5 Bc4 75. Ra7 f5 76. gxf5 Kxf5 77.
Kf3 Ke5 78. Ke3 Kd5 79. Kd2 Kc5 80. Kc1 Bb3 81. Kb1 Bd5 82. Ra5 Kb4 83. Rxb5+
Kxb5 84. Ka1 a3 85. Kb1 Kb4 86. Ka1 Kb3 87. Kb1 Be4+ 88. Ka1 a2 1/2-1/2

[Event "2BLN 1718 SK König Tegel - SC Kreuzber"]
[Site "?"]
[Date "2018.04.15"]
[Round "9.6"]
[White "Muse, Drazen"]
[Black "Lehmann, Klaus"]
[Result "1/2-1/2"]
[WhiteElo "2364"]
[BlackElo "2272"]
[PlyCount "42"]
[EventDate "2018.??.??"]

1. Nf3 Nf6 2. c4 e6 3. Nc3 Bb4 4. g4 d5 5. Qa4+ Nc6 6. Ne5 Bd6 7. Nxc6 bxc6 8.
cxd5 Nxd5 9. Nxd5 exd5 10. Qxc6+ Bd7 11. Qxd5 O-O 12. h3 Rb8 13. e3 Rb6 14. Rg1
Bc6 15. Qd3 Qh4 16. Bg2 Bxg2 17. Rxg2 Qxh3 18. Rg1 Qf3 19. Qe2 Qd5 20. b3 Bh2
21. Rf1 Be5 1/2-1/2